Ruido de pasos de un gran criminal: Cuentos y pensamiento de César Vallejo.
Salvato in:
| Autore principale: | |
|---|---|
| Altri autori: | |
| Natura: | Libro |
| Pubblicazione: |
Valparaíso, Chile:
Ediciones del Caxicondor,
2016.
|
| Soggetti: | |
| Tags: |
Aggiungi Tag
Nessun Tag, puoi essere il primo ad aggiungerne!!
|
MARC
| LEADER | 00000nam a22000007a 4500 | ||
|---|---|---|---|
| 003 | CL-VaPUC | ||
| 005 | 20250321101918.0 | ||
| 008 | 250114t2016 ||||| |||| 00| 0 eng d | ||
| 999 | |c 446497 |d 446495 | ||
| 020 | |a 978-956-9507-02-1 | ||
| 040 | |c Pontificia Universidad Católica de Valparaíso | ||
| 082 | |a Pe863 VAL 2016 | ||
| 100 | |9 269109 |a Vallejo, César |e autor | ||
| 245 | |a Ruido de pasos de un gran criminal: |b Cuentos y pensamiento de César Vallejo. | ||
| 260 | |a Valparaíso, Chile: |b Ediciones del Caxicondor, |c 2016. | ||
| 300 | |a 159 páginas. | ||
| 500 | |a c.1 Instituto Arcos.08-01-2025. | ||
| 583 | |c 20250114 |k Gabriela Rodríguez Cuevas | ||
| 600 | 0 | |9 269109 |a Vallejo, César |d 1892-1938 |e Poeta y escritor |x Vida y obra literaria |z Perú | |
| 650 | 0 | |9 257452 |a Literatura peruana |x Cuentos |y Siglo 20 | |
| 700 | |9 895374 |a Chanchano Libos |e edición |e prólogo |e ilustraciones | ||
| 942 | |2 ddc |c BK |n 0 | ||
| 952 | |0 0 |1 0 |2 ddc |4 0 |6 PE_863_000000000000000_VAL_2016 |7 0 |9 599265 |a BIBINC |b BIBINC |c GEN |d 2025-01-14 |e Instituto Arcos |i 5664077 |o Pe863 VAL 2016 |p 5664077 |r 2025-01-14 |t 1 |w 2025-01-14 |y BK |k IFP | ||